Kajian mengenai pembaharuan pentadbiran di Majlis Perbandaran Kota Bharu, Kelantan /
Saved in:
| Main Author: | |
|---|---|
| Format: | Thesis Book |
| Language: | Malay |
| Published: |
1992.
|
| Subjects: | |
| Tags: |
Add Tag
No Tags, Be the first to tag this record!
|
| LEADER | 01337cam a2200313 a 4500 | ||
|---|---|---|---|
| 001 | u248558 | ||
| 003 | SIRSI | ||
| 008 | 920828s1992 my t 1 may m | ||
| 035 | |a ABD-5921 | ||
| 040 | |a UMM | ||
| 043 | |a a-my-kn | ||
| 090 | |a JS7159 |b K3Azmi | ||
| 091 | |a Microfiche 12347. | ||
| 100 | 0 | 0 | |a Azman Ismail. |
| 245 | 1 | 0 | |a Kajian mengenai pembaharuan pentadbiran di Majlis Perbandaran Kota Bharu, Kelantan / |c oleh Azman bin Ismail. |
| 260 | |c 1992. | ||
| 300 | |a xvi, 269 leaves (appendix unpaged) ; |c 30cm. | ||
| 500 | |a Also available on microfiche. Kuala Lumpur : Perpustakaan Universiti Malaya, 1996. 4 fiches : negative ; 11x15 cm. | ||
| 502 | |a Dissertation (M.P.A.) -- Fakulti Ekonomi dan Pentadbiran, Universiti Malaya, 1992. | ||
| 504 | |a Bibliography: leaves 262-268. | ||
| 610 | 1 | 0 | |a Kelantan. |b Majlis Perbandaran Kota Bharu. |
| 650 | 0 | |a Municipal government |z Kelantan |z Kota Bharu. | |
| 650 | 0 | |a Local government |z Kelantan |z Kota Bharu. | |
| 710 | 2 | 0 | |a Universiti Malaya. |b Fakulti Ekonomi dan Pentadbiran. |
| 900 | |a ND | ||
| 948 | |a 28/08/1992 |b 29/07/2002 | ||
| 596 | |a 1 | ||
| 999 | |a JS7159 K3AZMI |w LC |c 1 |i A011127738 |d 29/5/2009 |e 29/5/2009 |l STACKS |m P01UTAMA |n 45 |r Y |s Y |t TESIS |u 28/8/1992 | ||
| 999 | |a JS7159 K3AZMI |w LC |c 2 |i A011127747 |d 1/7/2011 |e 1/7/2011 |l B_KOM4 |m P01UTAMA |n 29 |r Y |s Y |t TESIS |u 28/8/1992 |o .PUBLIC. BKOM4:30611 | ||
